| 000 | 00577nam a2200193Ia 4500 | ||
|---|---|---|---|
| 005 | 20250326143540.0 | ||
| 008 | 250326s9999 xx 000 0 und d | ||
| 020 | _a81-7992-240-5 | ||
| 037 | _aTextbook | ||
| 040 |
_aFMSL _beng _cFMSL |
||
| 041 |
_aeng _2eng |
||
| 084 |
_aX:89Q8 P5 _qFMSL |
||
| 100 |
_aWagen Lynn Van Der _9748178 |
||
| 245 | 0 |
_aBuilding quality service: with competency-based human resource management _cWagen Lynn Van Der |
|
| 260 |
_aDelhi _bDelhi, Jaico _c2005 |
||
| 300 | _a208p | ||
| 942 |
_cTB _hX:89Q8 P5 |
||
| 999 |
_c1300052 _d1300052 |
||